| 000 | 00954cad a22002055a 4500 | ||
|---|---|---|---|
| 001 | L151544 | ||
| 008 | 101116s20101104xxk f 000 0 eng d | ||
| 035 | _a(Sirsi) u151544 | ||
| 041 | 0 | _aeng | |
| 050 | 0 | 4 | _a333.33 $2 18 |
| 110 | 2 |
_aLloyds Banking Group _95822 |
|
| 245 | 0 | 0 |
_aHalifax house price index _bOctober 2010 _h[electronic resource] |
| 260 |
_aLondon _bLloydsbankinggroup _c2010 |
||
| 520 | _aUnited Kingdom house prices increased 1.8% in October 2010 but prices in the three months to October were 1.2% lower than in the preceding three months. The underlying pace of house price growth has turned moderately negative in recent months. | ||
| 590 | _aKA | ||
| 651 | 4 |
_aUnited Kingdom _y |
|
| 690 | _aPROPERTY-RESIDENTIAL PROPERTY-RESIDENTIAL PROPERTY MARKET | ||
| 856 | 4 | 0 |
_uhttps://www.lloydsbankinggroup.com/media/pdfs/research/2010/HousePriceIndexOctober2010.pdf _zView this item free of charge at www.lloydsbankinggroup.com |
| 942 | _n0 | ||
| 999 |
_c111434 _d111434 |
||